000 01987cam a22004574i 4500
003 PE-LiUPU
005 20250731173002.0
008 150623s r 000 0 d
020 _a0802844375
035 _a(Sirsi) i9780802844378
040 _aPE-LiUPU
_bspa
_cPE-LiUPU
_erda
049 _aPRUA
082 0 4 _a270.001
_bR74
_221
245 0 0 _aReason for the hope within /
_ceditado por Michael J. Murray ; [prólogo de Alvin Plantinga].
264 1 _aGrand Rapids, Michigan :
_bWilliam B. Eerdmans Publishing Co.,
_c1999.
300 _a429 páginas ;
_c24 centímetros
336 _atext
_2rdacontent
337 _aunmediated
_2rdamedia
338 _avolume
_2rdacarrier
504 _aBibliografía al pie de páginas.
505 0 _aReason for hope (in the postmodern world). -Theistic arguments. -A scientific argument for the existence of God: the fine-turing design argument. -God, evil, and suffering. -Arguments for atheism. -Faith and reason. -Religious pluralism. -Eastern religions. -Divine providence and human freedom. -The incarnation and the trinity. -The resurrection of the body and the life everlasting. -Heaven and hell. -Religion and science. -Miracles and christian theism. -Christianity and ethics. -The authority of scripture.
526 _aSEG42
526 _aSEG41
526 _aSEG40
526 _aSEG39
526 _aP94
526 _aP87
526 _aP86
526 _aP85
526 _aP77
526 _aP76
526 _aP35
650 0 4 _aCristianismo
_xFilosofía.
700 1 _aMurray, Michael J.,
_eed.
942 _2ddc
_cBOOK
949 _a270.001 R74
_wDEWEY
_c1
_i45549
_lCCODEBUL1
_mBUL
_r0
_sY
_tBOOK
_u2015-6-24
_xTEOLOGIA
_PP35
_0COMPRA
_o.STAFF. Colección General
994 _aC0
_bPEPRU
596 _a1
999 _a270.001 R74
_wDEWEY
_c22412
_i45549
_f2021-11-11
_g5
_lCCODEBUL1
_mBUL
_r0
_sY
_tBOOK
_u2015-6-24
_xTEOLOGIA
_PP35
_0COMPRA
_o.STAFF. Colección General
_d22412
980 _81
_gALBERTO SANCHEZ Responsable de Automatización